[Event "World Cities Team GpA"]
[Site "Al-Ain UAE"]
[Date "2012.12.22"]
[Round "1.1"]
[White "Salem, A.R. Saleh"]
[Black "Murshed, Niaz"]
[Result "1/2-1/2"]
[WhiteTitle "GM"]
[BlackTitle "GM"]
[WhiteElo "2536"]
[BlackElo "2464"]
[WhiteTeam "Al Ain"]
[BlackTeam "Dhaka"]
[WhiteFideId "9301348"]
[BlackFideId "10200010"]
[EventDate "2012.12.22"]

1. d4 d5 2. c4 e6 3. Nc3 Bb4 4. e3 Nf6 5. Bd3 O-O 6. Nf3 c5 7. O-O Nc6 8. cxd5
exd5 9. dxc5 Bxc5 10. h3 a6 11. b3 Re8 12. Bb2 Qd6 13. Ne2 Ne4 14. Rc1 Bf5 15.
Bb1 Rad8 16. Nfd4 Nxd4 17. Nxd4 Bg6 18. Bxe4 dxe4 19. Qg4 h5 20. Qg5 Re5 21. Qh4
Rd5 22. Rc2 Qd7 23. Rfc1 Be7 24. Qf4 Bd6 25. Qh4 Be7 26. Qf4 Bd6 27. Qh4 1/2-1/2

[Event "World Cities Team GpA"]
[Site "Al-Ain UAE"]
[Date "2012.12.22"]
[Round "1.2"]
[White "Rahman, Ziaur"]
[Black "Hassan, Abdullah"]
[Result "1-0"]
[WhiteTitle "GM"]
[BlackTitle "IM"]
[WhiteElo "2518"]
[BlackElo "2378"]
[WhiteTeam "Dhaka"]
[BlackTeam "Al Ain"]
[WhiteFideId "10200037"]
[BlackFideId "9300481"]
[EventDate "2012.12.22"]

1. Nf3 d5 2. d4 Nf6 3. c4 e6 4. g3 Bb4+ 5. Bd2 Be7 6. Bg2 O-O 7. O-O c6 8. Qc2
Nbd7 9. Rd1 b6 10. b3 Bb7 11. Nc3 Rc8 12. e4 c5 13. exd5 exd5 14. Be1 dxc4 15.
d5 Bd6 16. bxc4 a6 17. a4 Re8 18. a5 Rb8 19. axb6 Nxb6 20. Qd3 Bc8 21. Bd2 h6
22. h3 Bd7 23. Rxa6 Qc8 24. Rda1 Bxh3 25. Nb5 Bxg2 26. Kxg2 Ne4 27. Nxd6 Nxd6
28. Bf4 Qd8 29. Ne5 Ra8 30. Rxa8 Nxa8 31. Nc6 Qf6 32. Rxa8 Rxa8 33. Be5 Qg5 34.
Bxd6 Ra1 35. Ne7+ Kh8 36. Qf5 Qxf5 37. Nxf5 1-0

[Event "World Cities Team GpA"]
[Site "Al-Ain UAE"]
[Date "2012.12.22"]
[Round "1.3"]
[White "Omar, Noaman"]
[Black "Minhazuddin, Ahmed"]
[Result "1/2-1/2"]
[WhiteTitle "IM"]
[BlackTitle "IM"]
[WhiteElo "2316"]
[BlackElo "2401"]
[WhiteTeam "Al Ain"]
[BlackTeam "Dhaka"]
[WhiteFideId "9300244"]
[BlackFideId "10201955"]
[EventDate "2012.12.22"]

1. d4 Nf6 2. c4 e6 3. Nf3 Bb4+ 4. Nbd2 b6 5. a3 Bxd2+ 6. Qxd2 Bb7 7. e3 O-O 8.
Be2 d6 9. O-O Qe7 10. b4 a5 11. Bb2 Nbd7 12. Qc2 Ne4 13. Rad1 f5 14. d5 e5 15.
Nd2 Nxd2 16. Rxd2 f4 17. exf4 Rxf4 18. Rd3 Nf8 19. Bc1 Rf7 20. Re3 Qd7 21. Bd3
axb4 22. axb4 b5 23. Rh3 h6 24. Rg3 Kh8 25. Be3 bxc4 26. Qxc4 Ra3 27. b5 Qd8 28.
Bc1 Ra1 29. Qg4 Qf6 30. Rf3 Qe7 31. Rg3 Qf6 32. Rf3 Qe7 33. Rg3 Qf6 34. Rf3 Qe7 1/2-1/2

[Event "World Cities Team GpA"]
[Site "Al-Ain UAE"]
[Date "2012.12.22"]
[Round "1.5"]
[White "Grandelius, Nils"]
[Black "Short, Nigel D"]
[Result "1/2-1/2"]
[WhiteTitle "GM"]
[BlackTitle "GM"]
[WhiteElo "2583"]
[BlackElo "2692"]
[WhiteTeam "Lund-Linkoping"]
[BlackTeam "London"]
[WhiteFideId "1710400"]
[BlackFideId "400025"]
[EventDate "2012.12.22"]

1. e4 e5 2. Nf3 Nc6 3. Bb5 a6 4. Ba4 d6 5. c3 g6 6. d4 Bd7 7. O-O Bg7 8. Re1 h6
9. Be3 Nge7 10. Nbd2 O-O 11. dxe5 dxe5 12. Nf1 b6 13. Qd2 Kh7 14. Red1 Bg4 15.
Qxd8 Raxd8 16. Rxd8 Rxd8 17. Rd1 Be6 18. Rxd8 Nxd8 19. a3 f5 20. g3 Nf7 21. Bc2
Nd6 22. exf5 gxf5 23. g4 Kg8 24. gxf5 Nexf5 25. Bc1 Bd5 26. N3d2 Bf6 27. Ng3
Nxg3 28. hxg3 Bg5 29. Nb3 Nc4 30. Bd3 Nxb2 31. Bxb2 Bxb3 32. Bxa6 Kf7 33. Bd3
Be6 34. c4 Bd2 1/2-1/2

[Event "World Cities Team GpA"]
[Site "Al-Ain UAE"]
[Date "2012.12.22"]
[Round "1.7"]
[White "Carlsson, Pontus"]
[Black "Williams, Simon K"]
[Result "1-0"]
[WhiteTitle "GM"]
[BlackTitle "GM"]
[WhiteElo "2518"]
[BlackElo "2515"]
[WhiteTeam "Lund-Linkoping"]
[BlackTeam "London"]
[WhiteFideId "1705814"]
[BlackFideId "404454"]
[EventDate "2012.12.22"]

1. e4 c5 2. Nf3 e6 3. c3 d5 4. exd5 exd5 5. d4 Nc6 6. Bb5 Bd6 7. dxc5 Bxc5 8.
O-O Ne7 9. Nbd2 O-O 10. Nb3 Bb6 11. Re1 Nf5 12. Bd3 Bc7 13. Bxf5 Bxf5 14. Nfd4
Bg6 15. Nxc6 bxc6 16. Qd4 Qd6 17. Qh4 Rfe8 18. Bd2 h6 19. Nd4 a6 20. b4 c5 21.
Nb3 cxb4 22. cxb4 Re4 23. Rxe4 dxe4 24. Rc1 Rd8 25. g3 Qd7 26. Bf4 Bb6 27. Nc5
Qd5 28. a3 Re8 29. Be3 Bd8 30. Qh3 f5 31. Qf1 Bf7 32. Nxa6 g5 33. Rd1 Qc6 34. b5
Qg6 35. Qg2 Bc4 36. a4 Be2 37. Rd2 Bc4 38. Nc5 Qg7 39. h3 Qc3 40. Kh2 Bc7 41.
Nd7 Bd3 42. Rxd3 Qxd3 43. Nf6+ Kf7 44. Nxe8 Kxe8 45. Qg1 Qd6 46. Qb1 Kd8 47. b6
Bb8 48. a5 f4 49. Qxe4 fxe3 50. Qxe3 Qc6 51. a6 Bd6 52. a7 Kd7 53. Qd4 Ke6 54.
Qa1 1-0

[Event "World Cities Team GpA"]
[Site "Al-Ain UAE"]
[Date "2012.12.22"]
[Round "1.8"]
[White "Zhou, Yang-Fan"]
[Black "Smith, Axel"]
[Result "0-1"]
[WhiteTitle "IM"]
[BlackTitle "IM"]
[WhiteElo "2419"]
[BlackElo "2484"]
[WhiteTeam "London"]
[BlackTeam "Lund-Linkoping"]
[WhiteFideId "468584"]
[BlackFideId "1707930"]
[EventDate "2012.12.22"]

1. e4 c5 2. Nf3 d6 3. d4 cxd4 4. Nxd4 Nf6 5. Nc3 a6 6. h3 g6 7. g4 Bg7 8. Bg2
Bd7 9. Be3 Nc6 10. Qd2 Rc8 11. Nde2 b5 12. a3 O-O 13. O-O Qc7 14. Rad1 Be6 15.
b3 Qa5 16. f4 Ne8 17. g5 f6 18. f5 Bf7 19. Nd5 Qxd2 20. Rxd2 Bxd5 21. exd5 Ne5
22. fxg6 hxg6 23. h4 fxg5 24. hxg5 Rxf1+ 25. Kxf1 Nc7 26. Nd4 Ng4 27. Bg1 Rf8+
28. Ke2 Ne5 29. Rd1 Rf4 30. Be3 Rg4 31. Bh3 Nxd5 32. Bxg4 Nxg4 33. Bg1 Nc3+ 34.
Kd2 Nxd1 35. Kxd1 Bxd4 36. Bxd4 Kf7 37. Kd2 Ke6 38. Kc3 Kd5 39. Bg1 e5 40. Kb4
e4 41. c4+ bxc4 42. bxc4+ Ke5 43. Bb6 e3 44. Kc3 Ke4 45. c5 dxc5 46. Bxc5 e2 47.
Kd2 Kf3 48. Bb4 Nf2 49. Kc2 Ne4 50. Kb3 Nxg5 51. Ka4 Ne4 52. Ka5 g5 53. Kxa6 g4 0-1

[Event "World Cities Team GpB"]
[Site "Al-Ain UAE"]
[Date "2012.12.22"]
[Round "1.2"]
[White "Kvon, Andrey"]
[Black "Rajesh, V A V"]
[Result "1-0"]
[WhiteTitle "IM"]
[BlackTitle "FM"]
[WhiteElo "2501"]
[BlackElo "2370"]
[WhiteTeam "Tashkent"]
[BlackTeam "Chennai"]
[WhiteFideId "14201356"]
[BlackFideId "5029317"]
[EventDate "2012.12.22"]

1. d4 Nf6 2. c4 g6 3. Nc3 d5 4. Nf3 Bg7 5. e3 O-O 6. b4 b6 7. Ba3 dxc4 8. Bxc4
Bb7 9. O-O Nbd7 10. Rc1 c6 11. Qe2 b5 12. Bb3 e6 13. e4 Qe7 14. e5 Nd5 15. Ne4
N7b6 16. Nc5 Rad8 17. Qd2 Ba8 18. Rc2 Nd7 19. Bxd5 cxd5 20. Qd3 Nxc5 21. Rxc5 a6
22. Bc1 Rb8 23. Bg5 Qd7 24. Bf6 Bh6 25. h4 Rfc8 26. h5 Bb7 27. g4 Bf8 28. Ng5
Rxc5 29. bxc5 Bh6 30. Kg2 b4 31. Rh1 Bxg5 32. Bxg5 a5 33. Bf6 Bc6 34. Qe3 Qe8
35. hxg6 fxg6 36. Rxh7 Kxh7 37. Qh3+ 1-0

[Event "World Cities Team GpB"]
[Site "Al-Ain UAE"]
[Date "2012.12.22"]
[Round "1.3"]
[White "Navalgund, Niranjan"]
[Black "Barsov, Alexei"]
[Result "0-1"]
[BlackTitle "GM"]
[WhiteElo "2169"]
[BlackElo "2510"]
[WhiteTeam "Chennai"]
[BlackTeam "Tashkent"]
[WhiteFideId "5030854"]
[BlackFideId "14200082"]
[EventDate "2012.12.22"]

1. d4 d5 2. c4 e6 3. Nf3 Nf6 4. Nc3 Bb4 5. Bg5 Nbd7 6. cxd5 exd5 7. e3 c5 8.
dxc5 Qa5 9. Rc1 Bxc3+ 10. bxc3 O-O 11. Nd4 Ne4 12. Bf4 Qxa2 13. Rc2 Qa5 14. Nb5
Ndxc5 15. f3 Bd7 16. Nc7 Rad8 17. Nxd5 Ba4 18. fxe4 Nxe4 19. Ne7+ Kh8 20. Qa1
Rfe8 21. Be2 Rxe7 22. O-O b5 23. c4 Qb6 24. Rb2 Nc3 25. Bf3 b4 26. Rc1 Qc5 27.
Rf2 Bc6 28. Bxc6 Qxc6 29. Qa5 Qb6 30. Qxb6 axb6 31. Rb2 Re4 32. Bc7 Rc8 33. Bxb6
Rexc4 34. Kf1 h5 35. Bd4 Nb5 36. Rxc4 Rxc4 37. Bb6 Nc3 38. Ba5 Nd5 39. Ke2 f5
40. Rb3 Kh7 41. Bd8 Rc2+ 42. Kd3 Rxg2 43. Kc4 Rxh2 44. Kxd5 Rd2+ 45. Ke6 Rxd8
46. Kxf5 g6+ 47. Kg5 Rd5+ 48. Kf6 Rf5+ 49. Ke6 Rf3 50. Ke5 Kh6 51. Ke4 Rg3 52.
Kf4 Rg4+ 53. Ke5 Rg3 54. Kf4 h4 55. Rd3 g5+ 56. Kf5 Kh5 57. Rb3 h3 58. Rxb4 Rxe3
59. Rb7 Rf3+ 60. Ke4 Kg4 61. Rh7 Rf4+ 62. Ke3 Kg3 63. Rh8 h2 64. Rh5 g4 65. Rh8
Rf1 0-1

[Event "World Cities Team GpB"]
[Site "Al-Ain UAE"]
[Date "2012.12.22"]
[Round "1.4"]
[White "Iuldachev, Saidali"]
[Black "Karthikeyan, Murali"]
[Result "1/2-1/2"]
[WhiteTitle "GM"]
[WhiteElo "2455"]
[BlackElo "2315"]
[WhiteTeam "Tashkent"]
[BlackTeam "Chennai"]
[WhiteFideId "14200104"]
[BlackFideId "5074452"]
[EventDate "2012.12.22"]

1. e4 c5 2. Nc3 a6 3. Nf3 e6 4. d4 cxd4 5. Nxd4 Qc7 6. g3 Nf6 7. Bg2 Nc6 8. O-O
Nxd4 9. Qxd4 Bc5 10. Bf4 d6 11. Qd3 h6 12. Rad1 e5 13. Be3 Be6 14. Bxc5 dxc5 15.
Qd6 Qxd6 16. Rxd6 Rd8 17. Rb6 Rd7 18. Nd5 Nxd5 19. exd5 Bxd5 20. Bxd5 Rxd5 21.
Rxb7 O-O 22. Re1 c4 23. Re3 f5 24. Kg2 Rf6 25. Rc3 Rb5 26. Re7 Rxb2 27. Rxc4
Rxa2 28. h4 h5 29. Rc8+ Kh7 30. Rcc7 Rg6 31. Rxe5 Rf6 32. c4 Kh6 33. Ree7 f4 34.
Rxg7 fxg3 35. Rh7+ Kg6 36. Rhg7+ Kf5 37. Kxg3 Ke4 38. Rge7+ Kd4 39. Red7+ Ke4
40. Re7+ Kd4 41. f3 Rg6+ 42. Kf4 Rf6+ 43. Kg3 Rg6+ 44. Kf4 Rf6+ 45. Kg5 Rxf3 46.
Kxh5 Rg2 47. Red7+ Kc3 48. Rd5 Rf4 49. Rg5 Re2 50. Rg3+ Kb4 51. c5 Re5+ 52. Rg5
Ree4 53. c6 Rxh4+ 54. Kg6 Rc4 55. Rb7+ Kc3 56. Rb6 Rhd4 57. Rg3+ Rd3 58. Rxd3+
Kxd3 59. Kf6 Kd4 60. Ke6 Kc5 61. Rxa6 Kb5 62. Ra1 1/2-1/2

[Event "World Cities Team GpB"]
[Site "Al-Ain UAE"]
[Date "2012.12.22"]
[Round "1.7"]
[White "Romanov, Evgeny"]
[Black "Borisek, Jure"]
[Result "1/2-1/2"]
[WhiteTitle "GM"]
[BlackTitle "GM"]
[WhiteElo "2616"]
[BlackElo "2560"]
[WhiteTeam "Saratov"]
[BlackTeam "Ptuj"]
[WhiteFideId "4148843"]
[BlackFideId "14603152"]
[EventDate "2012.12.22"]

1. c4 c5 2. Nf3 Nf6 3. g3 Nc6 4. d4 cxd4 5. Nxd4 d6 6. Bg2 Bd7 7. O-O g6 8. Nc3
Bg7 9. Nb3 a5 10. Nd2 O-O 11. b3 Ne8 12. Bb2 Nc7 13. Rc1 Rb8 14. Ba1 Nb4 15.
Nde4 Bc6 16. a4 Nca6 17. Nd5 Bxa1 18. Rxa1 Nxd5 19. cxd5 Bd7 20. Qd4 b5 21. axb5
Rxb5 22. Nd2 Nc5 23. Ra3 Qc7 24. Qe3 e5 25. dxe6 Bxe6 26. Rfa1 Qb6 27. h4 Nxb3
28. Qxb6 Rxb6 29. Nxb3 Rxb3 30. Rxa5 Rfb8 31. Ra8 Kg7 32. Rxb8 Rxb8 33. Bf3 h5
34. Rd1 Rb6 35. Rd4 Kf6 36. Kg2 1/2-1/2

[Event "World Cities Team GpC"]
[Site "Al-Ain UAE"]
[Date "2012.12.22"]
[Round "1.1"]
[White "Papaioannou, Ioannis"]
[Black "Miezis, Normunds"]
[Result "1-0"]
[WhiteTitle "GM"]
[BlackTitle "GM"]
[WhiteElo "2618"]
[BlackElo "2596"]
[WhiteTeam "Athens"]
[BlackTeam "Riga"]
[WhiteFideId "4201345"]
[BlackFideId "11600136"]
[EventDate "2012.12.22"]

1. d4 Nf6 2. c4 e6 3. g3 Bb4+ 4. Nd2 c5 5. a3 Bxd2+ 6. Qxd2 cxd4 7. Nf3 Nc6 8.
Nxd4 d5 9. Bg2 O-O 10. cxd5 exd5 11. O-O Re8 12. Nxc6 bxc6 13. b4 Ne4 14. Qd4
Qb6 15. Bb2 Qxd4 16. Bxd4 Nd2 17. Rfe1 Nb3 18. Rad1 Nxd4 19. Rxd4 Rb8 20. e3 Ba6
21. Rc1 Bb5 22. g4 h6 23. h4 Rb6 24. Rc5 Kf8 25. Bf1 a6 26. Bg2 Ra8 27. e4 dxe4
28. Bxe4 Re8 29. Kg2 g6 30. Kg3 Re6 31. Bc2 Rb7 32. a4 Be2 33. Bb3 Rf6 34. f4 g5
35. hxg5 hxg5 36. Rxg5 Re7 37. Rd8+ 1-0

[Event "World Cities Team GpC"]
[Site "Al-Ain UAE"]
[Date "2012.12.22"]
[Round "1.4"]
[White "Starostits, Ilmars"]
[Black "Tzermiadianos, Andreas"]
[Result "1/2-1/2"]
[WhiteTitle "GM"]
[BlackTitle "IM"]
[WhiteElo "2468"]
[BlackElo "2434"]
[WhiteTeam "Riga"]
[BlackTeam "Athens"]
[WhiteFideId "11600748"]
[BlackFideId "4200853"]
[EventDate "2012.12.22"]

1. e4 d5 2. exd5 Qxd5 3. Nc3 Qa5 4. d4 Nf6 5. Nf3 Bf5 6. Bd2 e6 7. g3 c6 8. Ne4
Qb6 9. Nxf6+ gxf6 10. Bc3 Na6 11. a3 Nc7 12. b3 Nb5 13. Bb2 Bxa3 14. Bxa3 Nxa3
15. Bd3 Qb4+ 16. Ke2 Nb5 17. Bxb5 cxb5 18. Nh4 Be4 19. Re1 Qc3 20. Kf1 f5 21.
Qh5 Rf8 22. Nxf5 O-O-O 23. Ne7+ Kd7 24. Rxa7 Qf3 25. Qxf3 Bxf3 26. Re3 Bh1 27.
Kg1 Bc6 28. d5 exd5 29. Nf5 Rfe8 30. Ra1 Kc7 31. Rd1 Re6 32. Nd4 Rf6 33. Rde1 b4
34. f4 Kb6 35. Re7 Ra8 36. Kf2 h5 37. h4 Kc5 38. Rd1 Rg8 39. Re5 Rfg6 40. Rd3
Rh8 41. Nf5 Re6 42. Rde3 Bd7 43. Rxe6 Bxe6 44. Ng7 Bg4 45. Re7 Kd4 46. Rxb7 Rg8
47. Rxf7 Rc8 48. Nf5+ Bxf5 49. Rxf5 Rxc2+ 50. Ke1 Rc3 51. Rxh5 Rxg3 52. Rh8 Rxb3
53. h5 Ke3 54. Re8+ Kxf4 55. Kd2 Rh3 56. Rb8 b3 57. h6 Rh2+ 58. Kc3 Rxh6 59. Kd4
Rh3 60. Kxd5 Rd3+ 61. Kc4 Ke3 62. Rxb3 Rxb3 63. Kxb3 1/2-1/2

[Event "World Cities Team GpC"]
[Site "Al-Ain UAE"]
[Date "2012.12.22"]
[Round "1.6"]
[White "Feldman, Vladimir"]
[Black "Kryvoruchko, Yuriy"]
[Result "0-1"]
[WhiteTitle "IM"]
[BlackTitle "GM"]
[WhiteElo "2230"]
[BlackElo "2671"]
[WhiteTeam "Canberra"]
[BlackTeam "Lviv"]
[WhiteFideId "3201791"]
[BlackFideId "14109182"]
[EventDate "2012.12.22"]

1. d4 Nf6 2. c4 e6 3. g3 c5 4. d5 exd5 5. cxd5 d6 6. Bg2 g6 7. Nf3 Bg7 8. Nc3
O-O 9. O-O Re8 10. Nd2 a6 11. a4 Nbd7 12. h3 Rb8 13. Nc4 Ne5 14. Na3 Nh5 15. e4
Bd7 16. a5 Qxa5 17. g4 Nf6 18. f4 Nexg4 19. hxg4 Nxg4 20. f5 Ne5 21. f6 Bh8 22.
Bf4 Bxf6 23. Nc4 Qc7 24. Bxe5 Bxe5 25. Nxe5 Rxe5 26. Qf3 Rf8 27. Qf6 Bc8 28. Rf2
c4 29. Ne2 Qc5 30. Bf3 h6 31. Nf4 c3 32. b3 Qe3 33. Ra2 Bf5 34. Ng2 Qc5 35. Re2
a5 36. Nf4 Qd4 37. exf5 c2 38. Rxc2 Re1+ 39. Kg2 Qxf6 0-1

[Event "World Cities Team GpC"]
[Site "Al-Ain UAE"]
[Date "2012.12.22"]
[Round "1.7"]
[White "Fedorchuk, Sergey A."]
[Black "Schon, Eugene"]
[Result "1-0"]
[WhiteTitle "GM"]
[WhiteElo "2661"]
[BlackElo "2175"]
[WhiteTeam "Lviv"]
[BlackTeam "Canberra"]
[WhiteFideId "14102536"]
[BlackFideId "3205690"]
[EventDate "2012.12.22"]

1. e4 e6 2. d4 d5 3. Nd2 Nf6 4. e5 Nfd7 5. Ngf3 c5 6. c3 Nc6 7. Be2 cxd4 8. cxd4
f6 9. exf6 Nxf6 10. O-O Bd6 11. b3 O-O 12. Bb2 Qb6 13. Bd3 Bd7 14. a3 a5 15. Rc1
Rae8 16. Ne5 Re7 17. Ndf3 Be8 18. Qc2 Rc7 19. Qb1 g6 20. Bc2 Bxe5 21. dxe5 Ng4
22. Bd1 Rcf7 23. Qc2 Rf5 24. Re1 Qd8 25. h3 Nh6 26. Qd2 Kg7 27. Rc3 g5 28. Bc1
d4 29. Nxg5 Rxg5 30. Rg3 Nf7 31. Rxg5+ Nxg5 32. Qxg5+ Qxg5 33. Bxg5 Bg6 34. g4
Bd3 35. Kg2 Rf7 36. h4 Ne7 37. Bf3 Bc2 38. b4 Ng6 39. Kg3 axb4 40. axb4 Rd7 41.
h5 Ne7 42. Bd2 Nd5 43. Rc1 Bb3 44. Be4 h6 45. f4 1-0

[Event "World Cities Team GpC"]
[Site "Al-Ain UAE"]
[Date "2012.12.22"]
[Round "1.8"]
[White "Zelesco, Karl"]
[Black "Kravtsiv, Martyn"]
[Result "0-1"]
[BlackTitle "GM"]
[WhiteElo "2154"]
[BlackElo "2593"]
[WhiteTeam "Canberra"]
[BlackTeam "Lviv"]
[WhiteFideId "3213390"]
[BlackFideId "14113147"]
[EventDate "2012.12.22"]

1. d4 Nf6 2. c4 e6 3. Nc3 Bb4 4. e3 O-O 5. Ne2 d5 6. a3 Bd6 7. Ng3 Re8 8. cxd5
exd5 9. Bd3 a5 10. O-O Na6 11. Nf5 Bf8 12. h3 g6 13. Ng3 Bg7 14. Qf3 c6 15. Rd1
Nc7 16. e4 Ne6 17. Be3 dxe4 18. Bxe4 Nxe4 19. Ngxe4 f5 20. Nc5 Qe7 21. Nxe6 Bxe6
22. d5 cxd5 23. Nxd5 Qf7 24. Rac1 Bxb2 25. Rc7 Bxd5 26. Qxd5 Qxd5 27. Rxd5 Bxa3
28. Rdd7 Bf8 29. Rxb7 Reb8 30. Rbc7 a4 31. Bc5 Rb1+ 32. Kh2 Rc1 33. Bxf8 Rxc7
34. Rxc7 Kxf8 35. Rc2 Ke7 36. Kg3 Kd6 37. Kf4 a3 38. Ra2 Kc5 39. Ke3 Kb4 40. Kd2
Kb3 41. Ra1 a2 42. Kc1 Rc8+ 43. Kd2 Kb2 0-1

[Event "World Cities Team GpD"]
[Site "Al-Ain UAE"]
[Date "2012.12.22"]
[Round "1.2"]
[White "Can, Emre"]
[Black "Guseinov, Gadir"]
[Result "1/2-1/2"]
[WhiteTitle "GM"]
[BlackTitle "GM"]
[WhiteElo "2448"]
[BlackElo "2628"]
[WhiteTeam "Istanbul"]
[BlackTeam "Baku"]
[WhiteFideId "6302181"]
[BlackFideId "13401378"]
[EventDate "2012.12.22"]

1. d4 Nf6 2. c4 g6 3. Nc3 Bg7 4. Nf3 d6 5. e4 O-O 6. h3 a6 7. Bg5 c5 8. dxc5 Qa5
9. Bd3 Qxc5 10. Qd2 Re8 11. Rc1 Qa5 12. O-O Nc6 13. a3 Be6 14. Rc2 Nd7 15. Be2
Rac8 16. Rfc1 Nde5 17. Nxe5 Nxe5 18. Nd5 Qxd2 19. Rxd2 Bxd5 20. Rxd5 Nc6 21. Rb1
Nd4 22. Bf1 Nb3 23. Be3 Rc6 24. f3 Rec8 25. Rd3 Nc5 26. Rd2 Nb3 27. Rd3 Nc5 28.
Rd2 Nb3 29. Rd3 Nc5 30. Rd2 1/2-1/2

[Event "World Cities Team GpD"]
[Site "Al-Ain UAE"]
[Date "2012.12.22"]
[Round "1.3"]
[White "Mamedov, Rauf"]
[Black "Sanal, Vahap"]
[Result "1/2-1/2"]
[WhiteTitle "GM"]
[BlackTitle "FM"]
[WhiteElo "2647"]
[BlackElo "2382"]
[WhiteTeam "Baku"]
[BlackTeam "Istanbul"]
[WhiteFideId "13401653"]
[BlackFideId "6300545"]
[EventDate "2012.12.22"]

1. c4 Nf6 2. Nc3 e6 3. e4 d5 4. e5 Ne4 5. Nf3 Be7 6. cxd5 exd5 7. Nxe4 dxe4 8.
Qa4+ Bd7 9. Qxe4 Bc6 10. Qe3 O-O 11. Be2 Na6 12. O-O Nb4 13. Nd4 Bd7 14. a3 c5
15. axb4 cxd4 16. Qxd4 Bc6 17. Qxd8 Rfxd8 18. b5 Be4 19. d3 Bxd3 20. Bxd3 Rxd3
21. Be3 Rd5 22. b6 a6 23. Rfd1 Rxe5 24. Rd7 Bc5 25. Ra5 Re7 26. Rxe7 Bxe7 27.
Kf1 f6 28. Ra4 Kf7 29. Rc4 Bd6 30. h4 h5 31. Ke2 Ke6 32. b3 Kd5 33. Kd3 Re8 34.
g4 hxg4 35. Rxg4 Re7 36. h5 Bc5 37. Rg6 1/2-1/2

[Event "World Cities Team GpD"]
[Site "Al-Ain UAE"]
[Date "2012.12.22"]
[Round "1.7"]
[White "Kotsur, Pavel"]
[Black "Marin, Mihail"]
[Result "1-0"]
[WhiteTitle "GM"]
[BlackTitle "GM"]
[WhiteElo "2550"]
[BlackElo "2564"]
[WhiteTeam "Astana"]
[BlackTeam "Timisoara"]
[WhiteFideId "13700278"]
[BlackFideId "1200020"]
[EventDate "2012.12.22"]

1. c4 e6 2. g3 d5 3. Bg2 Nf6 4. Nf3 dxc4 5. Qa4+ c6 6. Qxc4 b5 7. Qb3 Bb7 8. O-O
Nbd7 9. Nc3 a6 10. a4 b4 11. Nd1 c5 12. d3 Be7 13. a5 O-O 14. Ne3 Ne8 15. Rd1
Nd6 16. d4 Rb8 17. Bd2 cxd4 18. Nxd4 Bxg2 19. Nxg2 Nc5 20. Qf3 Nc4 21. Bxb4 Qc7
22. Nc6 Rb5 23. Nxe7+ Qxe7 24. Qc3 Rfb8 25. Bxc5 Rxc5 26. b4 Rc7 27. Rac1 h6 28.
Rd4 Rbc8 29. Qb3 Nxa5 30. Rxc7 Nxb3 31. Rxc8+ Kh7 32. Rdd8 Qxb4 33. Nf4 Qe1+ 34.
Kg2 g5 35. Rh8+ Kg7 36. Nh5+ Kg6 37. g4 1-0

[Event "World Cities Team GpD"]
[Site "Al-Ain UAE"]
[Date "2012.12.22"]
[Round "1.8"]
[White "Nevednichy, Vladislav"]
[Black "Ismagambetov, Anuar"]
[Result "0-1"]
[WhiteTitle "GM"]
[BlackTitle "GM"]
[WhiteElo "2545"]
[BlackElo "2463"]
[WhiteTeam "Timisoara"]
[BlackTeam "Astana"]
[WhiteFideId "1205730"]
[BlackFideId "13701525"]
[EventDate "2012.12.22"]

1. e4 e5 2. Nf3 Nc6 3. Bc4 Bc5 4. c3 Nf6 5. d3 O-O 6. Bb3 d5 7. Qe2 a5 8. Ba4
Rb8 9. O-O b5 10. Bc2 d4 11. h3 Re8 12. cxd4 Bxd4 13. a4 b4 14. Bb3 Ba6 15. Rd1
Qd6 16. Bg5 Nd7 17. Bd5 Nc5 18. Nh4 g6 19. Nf3 Ne7 20. Bc4 Bxc4 21. dxc4 Nc6 22.
Nc3 bxc3 23. bxc3 Nb3 24. Rab1 Qa3 25. Nh2 Bc5 26. Ng4 Be7 27. Qe3 Bxg5 28. Qxg5
Re6 29. Rd7 Qf8 30. Nh6+ Kg7 31. Rxf7+ Qxf7 32. Nxf7 Kxf7 33. Rd1 Nc5 34. Qe3
Nxa4 35. h4 Rd6 36. Rd5 Nb6 37. Rb5 Nxc4 38. Qe2 Nb6 39. h5 Rg8 40. Qa2+ Kf8 41.
Qa3 Ke7 42. c4 Nd7 43. h6 Rb8 44. Kh2 Ra8 45. f3 a4 46. Kg3 Nd4 47. Rb7 Kd8 48.
c5 Rc6 49. Rb4 Nxc5 50. Rc4 Nde6 51. Qc3 a3 52. Qxe5 Ke7 53. Qd5 Raa6 54. Rc2
Nxe4+ 55. Qxe4 Rxc2 56. Qb7 Rcc6 57. Qb8 a2 58. Qh8 a1=Q 0-1

[Event "World Cities Team GpE"]
[Site "Al-Ain UAE"]
[Date "2012.12.22"]
[Round "1.2"]
[White "Wanyama, Harold"]
[Black "Ehlvest, Jaan"]
[Result "1/2-1/2"]
[WhiteTitle "FM"]
[BlackTitle "GM"]
[WhiteElo "2252"]
[BlackElo "2603"]
[WhiteTeam "Kampala"]
[BlackTeam "Chicago"]
[WhiteFideId "10000380"]
[BlackFideId "4500016"]
[EventDate "2012.12.22"]

1. d4 Nf6 2. c4 c5 3. d5 e6 4. Nc3 d6 5. Nf3 g6 6. g3 exd5 7. cxd5 Bg7 8. Bg2
O-O 9. O-O Na6 10. e4 Bg4 11. Qb3 Rb8 12. Bf4 Nh5 13. Bg5 Qd7 14. Qb5 Qc7 15.
Qc4 Rfe8 16. e5 Bd7 17. exd6 Qxd6 18. a4 Qb6 19. b3 Nb4 20. Rad1 h6 21. Be3 Rxe3
22. fxe3 Nc2 23. Ne4 Nxe3 24. Qxc5 Rd8 25. Qxb6 axb6 26. Nd4 Bg4 27. Rd2 Nxf1
28. Kxf1 Rxd5 29. Nb5 Re5 30. Ned6 Nf6 31. Nc4 Rc5 32. Bxb7 Be6 33. Rd8+ Kh7 34.
Nbd6 Ng4 35. h4 Be5 36. Ne4 Bxc4+ 37. bxc4 Rc7 38. Bd5 f5 39. Nd6 Nf6 40. Nb5
Re7 41. Kg2 Nh5 42. c5 bxc5 43. a5 Bxg3 44. a6 Bxh4 45. Rd6 Re3 46. Rd7+ Kh8 47.
Bc4 Nf4+ 48. Kg1 Rg3+ 49. Kf1 Rf3+ 50. Kg1 Rg3+ 51. Kf1 1/2-1/2

[Event "World Cities Team GpE"]
[Site "Al-Ain UAE"]
[Date "2012.12.22"]
[Round "1.3"]
[White "Hungaski, Robert Andrew"]
[Black "Bibasa, Bob"]
[Result "1-0"]
[WhiteTitle "IM"]
[BlackTitle "CM"]
[WhiteElo "2469"]
[BlackElo "2218"]
[WhiteTeam "Chicago"]
[BlackTeam "Kampala"]
[WhiteFideId "2021030"]
[BlackFideId "10000240"]
[EventDate "2012.12.22"]

1. Nf3 Nf6 2. c4 g6 3. Nc3 Bg7 4. e4 d6 5. d4 O-O 6. h3 e5 7. d5 a5 8. Bg5 Na6
9. g4 Nc5 10. Nd2 h6 11. Be3 Ne8 12. h4 f5 13. gxf5 gxf5 14. Qe2 f4 15. Bxc5
dxc5 16. Bh3 Bxh3 17. Rxh3 Qd7 18. Rh2 Kh7 19. O-O-O Rg8 20. Rg1 Nd6 21. Nf3 Bf6
22. Ng5+ Bxg5 23. hxg5 Nf7 24. d6 Qxd6 25. Rd1 Qe6 26. Nd5 f3 27. Qxf3 Nxg5 28.
Qe3 Rg7 29. Rdh1 Rg6 30. b3 Rf8 31. f4 1-0